• 首页
  • 本馆介绍
  • 公告通知
  • 最新文献
  • 馆藏检索
  • 电子资源
  • 读者导购
  • 参考咨询
  • 我的图书馆
  • 登录
  • 详细信息显示
  • 放入我的书架
  • 预约/预借图书
  • 作者相关作品
  • 分类相关作品
  • 丛书相关作品
  • 出版社相关作品

书目信息

  • 表格格式
  • 工作单格式
  • 卡片格式
题名:
诗经的文化精神
    
 
作者: 李山 著
分册:  
出版信息: 合肥   安徽教育出版社  2016
页数: 277页
开本: 24cm
丛书名: 中国古典文学研究丛书
单 册:
中图分类: I207.222
科图分类:
主题词:
电子资源:
ISBN: 978-7-5336-8253-8
000 00932nam0 22002531 450
001 1755155019
005 20170602161330.0
010    @a978-7-5336-8253-8@dCNY36.00
100    @a20170118d2016 em y0chiy50 ea
101 0  @achi
102    @aCN@b340000
105    @ay z 000yy
106    @ar
200 1  @a诗经的文化精神@Ashi jing de wen hua jing shen@f李山著
210    @a合肥@c安徽教育出版社@d2016
215    @a277页@d24cm
225 2  @a中国古典文学研究丛书@Azhong guo gu dian wen xue yan jiu cong shu
330    @a本书共七章,主要讨论《诗经》的农事、宴饮、战争、婚恋等题材的诗篇,从中提炼其文化精神的内涵。另外,还考证了《诗经》中《雅》《颂》作品的创作年代,以此为基础,勾勒出西周时期文化精神的历史变迁。
461  0 @12001 @a中国古典文学研究丛书
605    @a《诗经》@Ashi jing@x诗歌研究
690    @aI207.222@v5
701  0 @a李山@Ali shan@4著
801  0 @aCN@bTANGWEI@c20170602
905    @b0972395-8@dI207.222@e1022@f4
    
    诗经的文化精神/李山著.-合肥:安徽教育出版社,2016
    277页;24cm.-(中国古典文学研究丛书)
    
    
    ISBN 978-7-5336-8253-8:CNY36.00
    本书共七章,主要讨论《诗经》的农事、宴饮、战争、婚恋等题材的诗篇,从中提炼其文化精神的内涵。另外,还考证了《诗经》中《雅》《颂》作品的创作年代,以此为基础,勾勒出西周时期文化精神的历史变迁。
●
相关链接 在E读中查询图书 在五车中查询图书 在当当中查询图书 在豆瓣中查询图书


正题名:诗经的文化精神     索取号:I207.222/1022         预约/预借

序号 登录号 条形码 馆藏地/架位号 状态 备注
1 0972395   209723959   第一样本阅览室/ [索取号:I207.222/1022] 在馆    
2 0972396   209723968   密集书库-文学院/ [索取号:I207.222/1022] 在馆    
3 0972397   209723977   第二借阅区/ [索取号:I207.222/1022] 在馆    
4 0972398   209723986   第二借阅区/ [索取号:I207.222/1022] 在馆    
唐山师范学院图书馆 欢迎您!
大连网信软件有限公司© 版权所有